000
00291nam a22001337a 4500
008
180308b xxu||||| |||| 00| 0 eng d
020
_a
0881679917
041
_a
eng
080
_a
618
100
_a
10
101
_a
GJIN
245
_a
Operative larascopy
_c
Soderstrom.R,M
942
_2
udc
_c
BK
999
_c
44431
_d
44431